[Event "V Open B Carnevale"]
[Site "Milano ITA"]
[Date "2014.03.07"]
[Round "3"]
[White "Greco, Giovanni"]
[Black "Vignati, Andrea"]
[WhiteElo "1425"]
[BlackElo "1513"]
[Result "1-0"]
[PlyCount "79"]
[EventDate "2014.03.05"]

1. d4 d5 2. c4 e6 3. Nc3 Nf6 4. Nf3 b6 5. Bg5 Be7 6. e3 c5 7. Be2 Nc6 8. O-O
O-O 9. Rc1 Bb7 10. Re1 Rc8 11. cxd5 exd5 12. dxc5 bxc5 13. Bxf6 Bxf6 14. Nxd5
Ne5 15. Nxf6+ Qxf6 16. Nxe5 Qxe5 17. Rc3 Rfd8 18. Qb3 Bd5 19. Qa3 Qg5 20. Bf1
Qe7 21. Rec1 Qe6 22. b3 Rd7 23. Rxc5 Rxc5 24. Rxc5 g6 25. h3 Kg7 26. Qc1 Qb6
27. Rc3 Bb7 28. Qb2 Kh6 29. Rc4 Qd8 30. Rd4 Qf6 31. Qd2 Rxd4 32. Qxd4 Qxd4 33.
exd4 Kg5 34. Bd3 Kf6 35. f3 Ke6 36. Bc4+ Bd5 37. Kf2 Kd6 38. Ke3 f6 39. Bxd5
Kxd5 40. Kd3 1-0

[Event "V Open B Carnevale"]
[Site "Milano ITA"]
[Date "2014.03.07"]
[Round "3"]
[White "Iacchetti, Giovanni"]
[Black "Pollio, Ciro"]
[WhiteElo "1744"]
[BlackElo "1758"]
[Result "0-1"]
[PlyCount "48"]
[EventDate "2014.03.05"]

1. Nf3 d5 2. b3 c5 3. e3 Nf6 4. Bb2 Bg4 5. Bb5+ Nc6 6. h3 Bh5 7. O-O e6 8. g4
Bg6 9. Ne5 Qc7 10. f4 h6 11. Nxg6 fxg6 12. Qf3 O-O-O 13. Bd3 g5 14. Na3 a6 15.
c4 h5 16. Bxf6 gxf6 17. cxd5 exd5 18. Bf5+ Kb8 19. gxh5 gxf4 20. exf4 Nd4 21.
Qd3 Rxh5 22. Bg4 Qg7 23. Kh2 Qxg4 24. Rg1 Nf3+ 0-1

[Event "V Open B Carnevale"]
[Site "Milano ITA"]
[Date "2014.03.07"]
[Round "3"]
[White "Pipitone, Filippo Massimo"]
[Black "Fantina, Carla"]
[WhiteElo "1533"]
[BlackElo "1437"]
[Result "1-0"]
[PlyCount "75"]
[EventDate "2014.03.05"]

1. d4 Nf6 2. Nf3 g6 3. c4 Bg7 4. Nc3 d6 5. Bg5 h6 6. Bh4 c6 7. e3 O-O 8. Be2
Bf5 9. O-O Re8 10. Re1 Nbd7 11. Bf1 d5 12. Qb3 Qb6 13. Nd2 Qxb3 14. Nxb3 b6 15.
cxd5 Nxd5 16. e4 Nxc3 17. bxc3 Be6 18. Nd2 Nf6 19. Nf3 g5 20. Bg3 Nh7 21. e5
Nf8 22. Bd3 f5 23. exf6 exf6 24. Be4 Rac8 25. h3 Kf7 26. a3 Ng6 27. Rad1 f5 28.
Bc2 b5 29. Bd6 a5 30. Bc5 Nf4 31. Kh2 Nd5 32. Ne5+ Bxe5+ 33. Rxe5 Nxc3 34. Rde1
f4 35. Bg6+ Kxg6 36. Rxe6+ Rxe6 37. Rxe6+ Kh5 38. g4+ 1-0

[Event "V Open B Carnevale"]
[Site "Milano ITA"]
[Date "2014.03.07"]
[Round "3"]
[White "Poletto, Daniele"]
[Black "Colica, Daniele"]
[WhiteElo "1758"]
[BlackElo "1726"]
[Result "1/2-1/2"]
[PlyCount "33"]
[EventDate "2014.03.05"]

1. c4 d5 2. Nf3 Nf6 3. g3 Nc6 4. cxd5 Nxd5 5. Nc3 Bg4 6. Bg2 e6 7. h3 Bh5 8.
O-O Be7 9. d3 O-O 10. a3 Qd7 11. Bd2 Bf6 12. Rc1 Ne5 13. Nxd5 exd5 14. Nxe5
Bxe5 15. Bc3 Bd6 16. Qd2 Bg6 17. Bb4 1/2-1/2

[Event "V Open B Carnevale"]
[Site "Milano ITA"]
[Date "2014.03.07"]
[Round "3"]
[White "Prevedello, Daniele"]
[Black "Lavorgna, Filippo"]
[WhiteElo "1803"]
[BlackElo "1735"]
[Result "0-1"]
[PlyCount "70"]
[EventDate "2014.03.05"]

1. d4 Nf6 2. c4 e6 3. Nf3 Be7 4. Nc3 d5 5. Bg5 O-O 6. e3 b6 7. cxd5 exd5 8. Bd3
Bb7 9. O-O Nbd7 10. Qe2 Re8 11. Rac1 c5 12. dxc5 Bxc5 13. Ba6 Qc8 14. Bxb7 Qxb7
15. Rfd1 h6 16. Bf4 Nf8 17. Qd3 Rad8 18. Nd4 Ng6 19. Bg3 a6 20. Na4 Bd6 21. Rc6
Bxg3 22. hxg3 Ne5 23. Rxb6 Qxb6 24. Nxb6 Nxd3 25. Rxd3 Rb8 26. Rb3 Rb7 27. Nc6
Re6 28. Nxd5 Rxb3 29. Nde7+ Rxe7 30. Nxe7+ Kf8 31. Ng6+ fxg6 32. axb3 Ke7 33.
Kf1 Kd6 34. Ke2 Ne4 35. f3 Nxg3+ 0-1

[Event "V Open B Carnevale"]
[Site "Milano ITA"]
[Date "2014.03.07"]
[Round "3"]
[White "Reforgiato, Antonio"]
[Black "Nassiri, Shair"]
[WhiteElo "1640"]
[BlackElo "1512"]
[Result "0-1"]
[PlyCount "24"]
[EventDate "2014.03.05"]

1. d4 d5 2. Nf3 Nf6 3. c4 c6 4. a4 e6 5. Nc3 Bb4 6. Bg5 Nbd7 7. e3 Qa5 8. Qc2
Ne4 9. Rc1 Nb6 10. Bd3 Nxg5 11. Nxg5 dxc4 12. Nge4 cxd3 0-1

[Event "V Open B Carnevale"]
[Site "Milano ITA"]
[Date "2014.03.07"]
[Round "3"]
[White "Rossi, Giampiero"]
[Black "Vece, Luigi"]
[WhiteElo "1878"]
[BlackElo "1608"]
[Result "1-0"]
[PlyCount "30"]
[EventDate "2014.03.05"]

1. d4 Nf6 2. c4 e6 3. Nc3 Bb4 4. Qc2 d5 5. cxd5 exd5 6. Bg5 O-O 7. e3 Be7 8.
Bd3 h6 9. Bh4 c6 10. Nge2 Nbd7 11. O-O Nh5 12. Bxe7 Qxe7 13. Rab1 Qh4 14. Ng3
Re8 15. Nf5 Qg5 1-0

[Event "V Open B Carnevale"]
[Site "Milano ITA"]
[Date "2014.03.07"]
[Round "3"]
[White "Verderame, Alberto"]
[Black "Frignani, Alessandro"]
[WhiteElo "1495"]
[BlackElo "1410"]
[Result "0-1"]
[PlyCount "114"]
[EventDate "2014.03.05"]

1. Nf3 d5 2. d4 e6 3. c3 g6 4. b3 Bg7 5. Bb2 Nf6 6. e3 a6 7. Bd3 Nc6 8. Nbd2 b6
9. O-O Bb7 10. Ne5 Nxe5 11. dxe5 Nd7 12. f4 f5 13. exf6 Bxf6 14. Rb1 Nc5 15.
Bc2 Qe7 16. c4 Bxb2 17. Rxb2 O-O-O 18. b4 Ne4 19. Qc1 Nxd2 20. Qxd2 dxc4 21.
Qc3 b5 22. a4 Bc6 23. axb5 Bxb5 24. Ra2 Rhf8 25. Ba4 Rd3 26. Qe5 Rd5 27. Qe4
Qxb4 28. Qxe6+ Rd7 29. Bxb5 Qxb5 30. Qxa6+ Qxa6 31. Rxa6 Rfd8 32. Rc6 Rd1 33.
Rxc4 Rxf1+ 34. Kxf1 Rd2 35. e4 Kd7 36. e5 c6 37. Ra4 Rc2 38. Ra7+ Ke6 39. Rxh7
c5 40. Rh6 Kf5 41. e6 Kxe6 42. Rxg6+ Kf5 43. Rg8 Kxf4 44. h4 c4 45. h5 c3 46.
h6 Rd2 47. h7 c2 48. Rf8+ Kg5 49. Rg8+ Kf5 50. g4+ Kf4 51. Rf8+ Kxg4 52. Rg8+
Kf5 53. Rf8+ Kg6 54. h8=N+ Kg7 55. Rc8 Rd1+ 56. Kf2 c1=Q 57. Rxc1 Rxc1 0-1

[Event "V Open B Carnevale"]
[Site "Milano ITA"]
[Date "2014.03.07"]
[Round "3"]
[White "Vittadini, Attilio"]
[Black "Lavorgna, Francesco"]
[WhiteElo "1838"]
[BlackElo "1591"]
[Result "1/2-1/2"]
[PlyCount "56"]
[EventDate "2014.03.05"]

1. e4 c6 2. d4 d5 3. exd5 cxd5 4. c4 Nf6 5. Nc3 e6 6. Nf3 Be7 7. Bd3 O-O 8. O-O
Nc6 9. a3 dxc4 10. Bxc4 a6 11. Bf4 b5 12. Be2 Bb7 13. b4 Rc8 14. Rc1 Qb6 15.
Be3 Ng4 16. h3 Nxe3 17. fxe3 Rfd8 18. Kh1 Rd7 19. Ne4 Rcd8 20. Nc5 Bxc5 21.
bxc5 Qc7 22. Qc2 e5 23. Ng5 g6 24. Ne4 Kg7 25. Nf6 exd4 26. Nxd7 Rxd7 27. exd4
Rxd4 28. Qb2 Qe5 1/2-1/2

[Event "V Open B Carnevale"]
[Site "Milano ITA"]
[Date "2014.03.08"]
[Round "4"]
[White "Baronio, Gaia"]
[Black "Rossi, Giampiero"]
[WhiteElo "1607"]
[BlackElo "1878"]
[Result "0-1"]
[PlyCount "102"]
[EventDate "2014.03.05"]

1. e4 c5 2. c3 d5 3. exd5 Qxd5 4. d4 e6 5. Nf3 Nf6 6. Be2 cxd4 7. cxd4 Nc6 8.
Nc3 Qd6 9. O-O Be7 10. Nb5 Qb8 11. Bg5 a6 12. Nc3 O-O 13. Qb3 Rd8 14. Be3 Qd6
15. Rfd1 Qb4 16. Qxb4 Nxb4 17. a3 Nc2 18. Rac1 Nxe3 19. fxe3 Bd7 20. Ne5 Be8
21. Bf3 Rab8 22. h3 g6 23. Kf2 Kg7 24. Kg1 Rdc8 25. Ne2 Ba4 26. Rxc8 Rxc8 27.
Rc1 Rxc1+ 28. Nxc1 b6 29. Nc4 Nd7 30. Nd3 Bb5 31. Nde5 Nxe5 32. Nxe5 a5 33. Bc6
Bxc6 34. Nxc6 Kf8 35. Kf1 Bf6 36. Ke2 Ke8 37. Na7 Kd7 38. Kd3 e5 39. Nb5 exd4
40. Nxd4 Bxd4 41. exd4 f5 42. Kc4 Kc6 43. d5+ Kd6 44. Kb5 g5 45. Kxb6 h5 46. b4
axb4 47. axb4 f4 48. Ka7 g4 49. hxg4 hxg4 50. b5 f3 51. gxf3 g3 0-1

[Event "V Open B Carnevale"]
[Site "Milano ITA"]
[Date "2014.03.08"]
[Round "4"]
[White "Casamassima, Paolo"]
[Black "Greco, Giovanni"]
[WhiteElo "1690"]
[BlackElo "1425"]
[Result "0-1"]
[PlyCount "46"]
[EventDate "2014.03.05"]

1. d4 d5 2. c4 c6 3. Nc3 Nf6 4. cxd5 cxd5 5. Nf3 Nc6 6. g3 g6 7. Bg2 Bg7 8. O-O
O-O 9. Re1 Bg4 10. h3 Bxf3 11. Bxf3 e6 12. Bg5 Qb6 13. Be3 Qxb2 14. Na4 Qa3 15.
Nc5 b6 16. Nb3 Qe7 17. Bg5 Qd7 18. Rc1 Rac8 19. e4 Nxe4 20. Bxe4 dxe4 21. Rxe4
Qd5 22. Rg4 h5 23. Be3 hxg4 0-1

[Event "V Open B Carnevale"]
[Site "Milano ITA"]
[Date "2014.03.08"]
[Round "4"]
[White "Colica, Daniele"]
[Black "Reforgiato, Antonio"]
[WhiteElo "1726"]
[BlackElo "1640"]
[Result "1-0"]
[PlyCount "59"]
[EventDate "2014.03.05"]

1. Nf3 Nf6 2. b3 e6 3. Bb2 d5 4. e3 Nbd7 5. c4 c6 6. Be2 Be7 7. O-O O-O 8. d4
b6 9. Nbd2 Bb7 10. Ne5 Nxe5 11. dxe5 Nd7 12. f4 Nc5 13. b4 Nd7 14. cxd5 cxd5
15. Qb3 a6 16. Bf3 b5 17. f5 Rc8 18. fxe6 fxe6 19. Bg4 Rc6 20. Nf3 Kh8 21. Nd4
Qb6 22. Nxc6 Qxc6 23. Rxf8+ Nxf8 24. Rc1 Qd7 25. Qc3 Bd8 26. Qc5 Ng6 27. Qd6
Qxd6 28. exd6 e5 29. d7 Ne7 30. Be6 1-0

[Event "V Open B Carnevale"]
[Site "Milano ITA"]
[Date "2014.03.08"]
[Round "4"]
[White "Fantina, Carla"]
[Black "Cagnotto, Marco"]
[WhiteElo "1437"]
[BlackElo "1553"]
[Result "1-0"]
[PlyCount "79"]
[EventDate "2014.03.05"]

1. c4 Nf6 2. g3 g6 3. Bg2 Bg7 4. Nc3 d6 5. d3 c5 6. Nf3 Nc6 7. O-O O-O 8. h3 a6
9. Rb1 Rb8 10. Bd2 Bd7 11. Qc1 b5 12. cxb5 axb5 13. Bh6 Be6 14. Bxg7 Kxg7 15.
Ng5 Bd7 16. a3 Nd4 17. Qd1 Qc8 18. Kh2 Bc6 19. e4 Nd7 20. f4 e6 21. Ne2 Nxe2
22. Qxe2 h6 23. Nf3 f5 24. e5 Bxf3 25. Bxf3 d5 26. g4 Rg8 27. gxf5 gxf5 28.
Rg1+ Kh7 29. Bh5 Qf8 30. Rg2 Rxg2+ 31. Qxg2 c4 32. Qg6+ Kh8 33. Qxe6 Rd8 34.
dxc4 dxc4 35. Rg1 Nc5 36. Qb6 Rd2+ 37. Rg2 Rxg2+ 38. Kxg2 Qg8+ 39. Kh2 Ne4 40.
Qxh6+ 1-0

[Event "V Open B Carnevale"]
[Site "Milano ITA"]
[Date "2014.03.08"]
[Round "4"]
[White "Frignani, Alessandro"]
[Black "Carbone, Lorenzo"]
[WhiteElo "1410"]
[BlackElo "1689"]
[Result "0-1"]
[PlyCount "60"]
[EventDate "2014.03.05"]

1. e4 c5 2. f4 e6 3. Nf3 Nc6 4. g3 d6 5. Bg2 Nf6 6. d3 Be7 7. b3 O-O 8. Bb2 Qc7
9. Qe2 b6 10. e5 Nd7 11. Nbd2 d5 12. c3 Ba6 13. c4 Nb4 14. Nb1 Rad8 15. a3 Nc6
16. Nc3 Nd4 17. Nxd4 cxd4 18. Na2 Nc5 19. Qc2 dxc4 20. bxc4 Bb7 21. Bxb7 Qxb7
22. O-O-O b5 23. Qf2 bxc4 24. dxc4 d3 25. Nb4 a5 26. Na2 Qb3 27. Kb1 Ne4 28.
Qg2 Nc5 29. Qd2 Qxc4 30. Qxa5 Qc2+ 0-1

[Event "V Open B Carnevale"]
[Site "Milano ITA"]
[Date "2014.03.08"]
[Round "4"]
[White "Invernizzi, Ferruccio"]
[Black "Pipitone, Filippo Massimo"]
[WhiteElo "1653"]
[BlackElo "1533"]
[Result "1-0"]
[PlyCount "43"]
[EventDate "2014.03.05"]

1. e4 c5 2. d4 cxd4 3. c3 d5 4. Qxd4 e6 5. Bb5+ Nc6 6. exd5 exd5 7. Nf3 Be6 8.
O-O Nf6 9. Ne5 Qc7 10. Bf4 Bd6 11. Nxc6 bxc6 12. Bxd6 Qxd6 13. Ba4 O-O 14. b4
Rfc8 15. a3 Ne4 16. Nd2 Nf6 17. Bc2 c5 18. Qd3 Qd7 19. Nf3 h6 20. Rad1 cxb4 21.
cxb4 Bf5 22. Qxf5 1-0

[Event "V Open B Carnevale"]
[Site "Milano ITA"]
[Date "2014.03.08"]
[Round "4"]
[White "Lavorgna, Francesco"]
[Black "Rigotti, Gianluigi"]
[WhiteElo "1591"]
[BlackElo "1587"]
[Result "1-0"]
[PlyCount "73"]
[EventDate "2014.03.05"]

1. Nf3 d5 2. g3 e6 3. Bg2 Nf6 4. O-O Be7 5. c4 O-O 6. d4 dxc4 7. Nc3 c6 8. Ne5
Na6 9. Nxc4 Bb4 10. e4 h6 11. Be3 Re8 12. f4 c5 13. a3 cxd4 14. Bxd4 Qxd4+ 15.
Qxd4 Bc5 16. Qxc5 Nxc5 17. e5 Nfd7 18. Nd6 Re7 19. b4 Nb3 20. Rad1 Rb8 21. Rd3
a5 22. Rfd1 Nb6 23. Ncb5 a4 24. Nxc8 Rxc8 25. Rd8+ Rxd8 26. Rxd8+ Kh7 27. Nd6
Rc7 28. Bxb7 Rc1+ 29. Kg2 Nc4 30. Nxc4 Rxc4 31. Ra8 Rc7 32. Be4+ g6 33. Rxa4
Nd2 34. b5 Rc4 35. Rxc4 Nxc4 36. a4 Na3 37. b6 1-0

[Event "V Open B Carnevale"]
[Site "Milano ITA"]
[Date "2014.03.08"]
[Round "4"]
[White "Longo, Giovanni"]
[Black "Prevedello, Daniele"]
[WhiteElo "1660"]
[BlackElo "1803"]
[Result "0-1"]
[PlyCount "48"]
[EventDate "2014.03.05"]

1. e4 c6 2. d4 d5 3. e5 Bf5 4. g4 Be4 5. f3 Bg6 6. h4 h6 7. h5 Bh7 8. e6 Qd6 9.
exf7+ Kxf7 10. Bd3 Bxd3 11. Qxd3 Nd7 12. Bf4 e5 13. Qf5+ Ngf6 14. Rh2 exf4 15.
Re2 Kg8 16. Nh3 Re8 17. c3 Rxe2+ 18. Kxe2 Qe7+ 19. Kd1 Qe3 20. Nd2 Bd6 21. Kc2
Nf8 22. Qc8 Qe7 23. Qf5 Qe6 24. Qd3 Nxh5 0-1

[Event "V Open B Carnevale"]
[Site "Milano ITA"]
[Date "2014.03.08"]
[Round "4"]
[White "Mazzoccoli, Simone"]
[Black "Vece, Luigi"]
[WhiteElo "1752"]
[BlackElo "1608"]
[Result "1-0"]
[PlyCount "99"]
[EventDate "2014.03.05"]

1. e4 e5 2. Nf3 Nc6 3. d4 exd4 4. Nxd4 Nf6 5. Nxc6 bxc6 6. Bd3 Bc5 7. e5 Nd5 8.
O-O O-O 9. a3 Re8 10. c4 Nb6 11. e6 dxe6 12. Bxh7+ Kxh7 13. Qh5+ Kg8 14. Qxc5
Qd6 15. Qxd6 cxd6 16. b3 d5 17. c5 Nd7 18. b4 e5 19. Nc3 a6 20. Re1 f5 21. Be3
Kf7 22. Na4 d4 23. Bd2 Bb7 24. Rad1 Nf6 25. Nb6 Rad8 26. f3 e4 27. Nc4 Kg6 28.
Nb6 e3 29. Bc1 f4 30. Rd3 Kf5 31. a4 g5 32. Nc4 Re6 33. Nd6+ Rexd6 34. cxd6
Rxd6 35. Bb2 g4 36. Rxd4 Rxd4 37. Bxd4 Nd5 38. Rb1 gxf3 39. gxf3 Kg5 40. Kg2
Ne7 41. h4+ Kh5 42. Be5 Ng6 43. Bf6 Nxh4+ 44. Bxh4 Kxh4 45. Rh1+ Kg5 46. Rh8 c5
47. bxc5 Kf6 48. c6 Bxc6 49. Rh6+ Ke5 50. Rxc6 1-0

[Event "V Open B Carnevale"]
[Site "Milano ITA"]
[Date "2014.03.08"]
[Round "4"]
[White "Nassiri, Shair"]
[Black "Alidosi, Marco"]
[WhiteElo "1512"]
[BlackElo "1752"]
[Result "1-0"]
[PlyCount "53"]
[EventDate "2014.03.05"]

1. d4 Nf6 2. c4 c5 3. e3 g6 4. Nf3 Bg7 5. Nc3 O-O 6. d5 d6 7. Be2 Nfd7 8. Bd2
Na6 9. O-O Nc7 10. Rc1 b5 11. cxb5 a6 12. bxa6 Bxa6 13. a3 Bxe2 14. Qxe2 Qb8
15. Rb1 Qb7 16. e4 Qa6 17. Qxa6 Rxa6 18. Rfe1 Rb8 19. Rec1 Kf8 20. h3 Nb6 21.
Nd1 Nb5 22. Bc3 Nxc3 23. Nxc3 Nc4 24. Rc2 Bxc3 25. Rxc3 Nxa3 26. Ra1 Rxb2 27.
Rcxa3 1-0

[Event "V Open B Carnevale"]
[Site "Milano ITA"]
[Date "2014.03.08"]
[Round "4"]
[White "Olmo Fernandez, Angel"]
[Black "Poletto, Daniele"]
[WhiteElo "1587"]
[BlackElo "1758"]
[Result "1-0"]
[PlyCount "141"]
[EventDate "2014.03.05"]

1. e4 c5 2. Nf3 e6 3. d4 cxd4 4. Nxd4 a6 5. c4 Nf6 6. Nc3 Qc7 7. Be2 Bb4 8. f3
Nc6 9. Nxc6 dxc6 10. Be3 O-O 11. Rc1 Bd6 12. g3 Rd8 13. Qb3 Qe7 14. Rd1 b5 15.
O-O Bb7 16. Qc2 Bc5 17. Qc1 Rxd1 18. Rxd1 Bxe3+ 19. Qxe3 Rd8 20. c5 Rxd1+ 21.
Nxd1 e5 22. b4 Bc8 23. Qd3 Qd7 24. Ne3 Qxd3 25. Bxd3 Be6 26. a3 Nd7 27. Nf5
Bxf5 28. exf5 f6 29. Be4 Nb8 30. h4 h6 31. g4 Kf7 32. Kg2 Ke7 33. Kg3 Kf7 34.
f4 exf4+ 35. Kxf4 Ke7 36. g5 hxg5+ 37. hxg5 Kf7 38. Kg4 Nd7 39. Kh5 Ne5 40. Bc2
fxg5 41. Kxg5 Nf3+ 42. Kf4 Nd2 43. Be4 Nxe4 44. Kxe4 Ke7 45. Ke5 Kd7 46. f6 g6
47. f7 Ke7 48. f8=Q+ Kxf8 49. Kd6 g5 50. Kxc6 g4 51. Kb7 g3 52. c6 g2 53. c7
g1=Q 54. c8=Q+ Kf7 55. Qc7+ Kg8 56. Qb8+ Kf7 57. Qa7 Qd1 58. Kxa6+ Kg6 59. Qb6+
Kh7 60. Qxb5 Qa1 61. a4 Qf6+ 62. Qb6 Qf1+ 63. b5 Qc4 64. a5 Qf1 65. Ka7 Kh8 66.
a6 Qf7+ 67. Qb7 Qf2+ 68. b6 Qf7 69. Ka8 Qa2 70. a7 Qh2 71. Qb8+ 1-0

[Event "V Open B Carnevale"]
[Site "Milano ITA"]
[Date "2014.03.08"]
[Round "4"]
[White "Pollio, Ciro"]
[Black "Lavorgna, Filippo"]
[WhiteElo "1758"]
[BlackElo "1735"]
[Result "1-0"]
[PlyCount "79"]
[EventDate "2014.03.05"]

1. d4 Nf6 2. Bg5 Ne4 3. Bf4 c5 4. f3 Qa5+ 5. c3 Nf6 6. d5 d6 7. e4 Nbd7 8. Nd2
g6 9. Nc4 Qc7 10. a4 Bg7 11. e5 dxe5 12. d6 exd6 13. Nxd6+ Ke7 14. Nb5 Qc6 15.
Bg5 Re8 16. Bc4 a6 17. Na3 Nb6 18. a5 Nxc4 19. Nxc4 Kf8 20. Ne2 Nd5 21. O-O f6
22. Bh4 Be6 23. b3 Rad8 24. Qc1 Bf5 25. Rd1 e4 26. Ng3 exf3 27. Nxf5 gxf5 28.
gxf3 f4 29. Bf2 f5 30. Qc2 Qg6+ 31. Kh1 Nxc3 32. Bxc5+ Kg8 33. Rxd8 Rxd8 34.
Rg1 Qc6 35. Qxc3 Qh6 36. Bd4 Rd7 37. Bxg7 Rxg7 38. Rxg7+ Qxg7 39. Qxg7+ Kxg7
40. Nd6 1-0

[Event "V Open B Carnevale"]
[Site "Milano ITA"]
[Date "2014.03.08"]
[Round "4"]
[White "Quagliarella, Sabino Remo"]
[Black "Bianchi, Paolo"]
[WhiteElo "1863"]
[BlackElo "1691"]
[Result "1-0"]
[PlyCount "59"]
[EventDate "2014.03.05"]

1. d4 Nf6 2. Nf3 g6 3. g3 b6 4. Bg2 Bb7 5. O-O Bg7 6. c4 O-O 7. Nc3 d6 8. Qc2
Nbd7 9. e4 e5 10. d5 c6 11. dxc6 Bxc6 12. Rd1 Nc5 13. Nxe5 Bxe4 14. Nxe4 Ncxe4
15. Nc6 Qe8 16. Nb4 a5 17. Nd5 Nxd5 18. Rxd5 Nf6 19. Rd1 Rd8 20. Be3 b5 21. Bd4
bxc4 22. Qxc4 Rc8 23. Qd3 d5 24. Re1 Qd7 25. Bc3 a4 26. a3 Qa7 27. Bd4 Qd7 28.
Rad1 Qb7 29. h3 Rc4 30. Qxc4 1-0

[Event "V Open B Carnevale"]
[Site "Milano ITA"]
[Date "2014.03.08"]
[Round "4"]
[White "Vigliaroli, Matteo Luigi"]
[Black "Iacchetti, Giovanni"]
[WhiteElo "1625"]
[BlackElo "1744"]
[Result "1/2-1/2"]
[PlyCount "68"]
[EventDate "2014.03.05"]

1. e4 d6 2. d4 Nf6 3. Nc3 g6 4. f4 Bg7 5. Nf3 O-O 6. Be2 c5 7. e5 Nfd7 8. dxc5
dxe5 9. fxe5 Nxe5 10. Nxe5 Bxe5 11. Ne4 Nc6 12. c3 Qc7 13. Bh6 Rd8 14. Qa4 Bxh2
15. Ng5 Bg3+ 16. Kf1 Qf4+ 17. Qxf4 Bxf4 18. Nxf7 Kxf7 19. Bxf4 h5 20. Bc4+ Be6
21. Bxe6+ Kxe6 22. Re1+ Kf7 23. Rh3 Rd5 24. Be3 Rf5+ 25. Ke2 Rd8 26. Rf3 Rxf3
27. Kxf3 Ne5+ 28. Ke2 Rd5 29. b3 Ng4 30. Rf1+ Rf5 31. Rxf5+ gxf5 32. b4 Nxe3
33. Kxe3 e5 34. b5 e4 1/2-1/2

[Event "V Open B Carnevale"]
[Site "Milano ITA"]
[Date "2014.03.08"]
[Round "4"]
[White "Vignati, Andrea"]
[Black "Verderame, Alberto"]
[WhiteElo "1513"]
[BlackElo "1495"]
[Result "1/2-1/2"]
[PlyCount "147"]
[EventDate "2014.03.05"]

1. e4 d6 2. d4 Nf6 3. Nc3 c6 4. Nf3 Bg4 5. Be3 e6 6. Qd2 Be7 7. Be2 d5 8. e5
Nfd7 9. h3 Bxf3 10. Bxf3 O-O 11. O-O Na6 12. a3 c5 13. Be2 cxd4 14. Bxd4 Nac5
15. Qe3 f6 16. b4 fxe5 17. bxc5 exd4 18. Qxe6+ Kh8 19. Nxd5 Bxc5 20. Qg4 Nf6
21. Nxf6 Qxf6 22. Bf3 Rab8 23. Qh5 b6 24. a4 Rbc8 25. Rfe1 Rcd8 26. a5 Bb4 27.
Red1 Bxa5 28. Qg4 d3 29. Qc4 d2 30. Qa4 Rfe8 31. Kh2 Re1 32. Qc4 Rxd1 33. Rxd1
Qc3 34. Qh4 Re8 35. Qf4 Qxc2 36. Qf7 Rc8 37. Qxa7 Qc7+ 38. Qxc7 Rxc7 39. Kg3
Rc1 40. Kf4 Bc3 41. Ke3 b5 42. Ke2 b4 43. Bd5 g6 44. Bb3 Kg7 45. g3 Kf6 46. f3
Ke5 47. Kd3 Ra1 48. Rxa1 Bxa1 49. Kxd2 Kd4 50. Bg8 h6 51. Bh7 g5 52. f4 gxf4
53. gxf4 b3 54. h4 Bc3+ 55. Ke2 b2 56. Kf3 Kd5 57. Kg4 Bd2 58. Bb1 Kd4 59. f5
Ke5 60. Kf3 Bc3 61. Kg4 Kf6 62. Kf4 Bd2+ 63. Ke4 Be1 64. Kf4 Bxh4 65. Kg4 Bg5
66. Kh5 Be3 67. Bd3 Ke5 68. Kg6 Bg5 69. Bb1 Kf4 70. Kh5 Ke5 71. Kg6 Kf4 72. Kh5
Ke3 73. f6 Bxf6 74. Kxh6 1/2-1/2

[Event "V Open B Carnevale"]
[Site "Milano ITA"]
[Date "2014.03.08"]
[Round "4"]
[White "Vittadini, Attilio"]
[Black "Aloe, Giancarlo"]
[WhiteElo "1838"]
[BlackElo "1672"]
[Result "0-1"]
[PlyCount "70"]
[EventDate "2014.03.05"]

1. e4 c5 2. Nf3 e6 3. d4 cxd4 4. Nxd4 Nf6 5. Bd3 Bc5 6. Nb3 Bb6 7. Bg5 Nc6 8.
N1d2 d5 9. Qe2 h6 10. Bh4 g5 11. Bg3 Nb4 12. Be5 Nxd3+ 13. cxd3 Rh7 14. Bxf6
Qxf6 15. exd5 Qxb2 16. O-O Bd7 17. dxe6 fxe6 18. Qh5+ Kf8 19. Qf3+ Rf7 20. Qxb7
Rd8 21. d4 Bb5 22. Qe4 Bxf1 23. Rxf1 Qxa2 24. Qxe6 Kg7 25. Nf3 Rdf8 26. Ne5 Rf6
27. Qe7+ Kg8 28. Nc5 Bxc5 29. dxc5 Re6 30. Qc7 Qd5 31. Nd7 Rf7 32. Qb8+ Kg7 33.
Qb2+ Kh7 34. Qc2+ Kg8 35. Qa4 Rxd7 0-1

[Event "V Open B Carnevale"]
[Site "Milano ITA"]
[Date "2014.03.09"]
[Round "5"]
[White "Alidosi, Marco"]
[Black "Aloe, Giancarlo"]
[WhiteElo "1752"]
[BlackElo "1672"]
[Result "0-1"]
[PlyCount "62"]
[EventDate "2014.03.05"]

1. d4 d5 2. Bf4 Bf5 3. e3 Nf6 4. Bd3 Bxd3 5. cxd3 e6 6. Nd2 Nbd7 7. Ngf3 c5 8.
h3 cxd4 9. exd4 g6 10. O-O Bg7 11. Qb3 Qb6 12. Rac1 O-O 13. Rc7 Qxb3 14. Nxb3
b6 15. Rfc1 Rfd8 16. Ne5 Nxe5 17. Bxe5 Ne8 18. R7c6 f6 19. Bg3 e5 20. f3 Nd6
21. dxe5 fxe5 22. Nd2 Nf5 23. Bf2 Bh6 24. R1c2 e4 25. fxe4 dxe4 26. Nxe4 Rxd3
27. Rc7 Rd1+ 28. Kh2 Bf4+ 29. Bg3 Nxg3 30. Rc8+ Rxc8 31. Rxc8+ Kf7 0-1

[Event "V Open B Carnevale"]
[Site "Milano ITA"]
[Date "2014.03.09"]
[Round "5"]
[White "Carbone, Lorenzo"]
[Black "Vigliaroli, Matteo Luigi"]
[WhiteElo "1689"]
[BlackElo "1625"]
[Result "1/2-1/2"]
[PlyCount "30"]
[EventDate "2014.03.05"]

1. e4 d5 2. exd5 Nf6 3. d4 Nxd5 4. Nf3 Bg4 5. Be2 e6 6. O-O Be7 7. c4 Nb6 8.
Nc3 c6 9. c5 Nd5 10. Nxd5 exd5 11. Bf4 O-O 12. Re1 Nd7 13. Ne5 Bxe2 14. Rxe2
Nxe5 15. Bxe5 Bf6 1/2-1/2

[Event "V Open B Carnevale"]
[Site "Milano ITA"]
[Date "2014.03.09"]
[Round "5"]
[White "Frignani, Alessandro"]
[Black "Casamassima, Paolo"]
[WhiteElo "1410"]
[BlackElo "1690"]
[Result "0-1"]
[PlyCount "84"]
[EventDate "2014.03.05"]

1. e4 c5 2. f4 d6 3. Nf3 g6 4. h3 Bg7 5. d3 Nc6 6. c3 Nf6 7. Be3 O-O 8. Nbd2 b5
9. a3 a5 10. Qb3 Rb8 11. Qa2 Be6 12. c4 Nd7 13. Rb1 b4 14. a4 b3 15. Qa1 Nb4
16. Rc1 Nc2+ 17. Rxc2 bxc2 18. e5 Qb6 19. b3 dxe5 20. Qc1 exf4 21. Bxf4 Rb7 22.
Qxc2 Bf5 23. g4 e5 24. Nxe5 Nxe5 25. gxf5 Qc6 26. Rh2 Nf3+ 27. Nxf3 Qxf3 28.
Qf2 Bc3+ 29. Bd2 Re7+ 30. Be2 Qxd3 31. Bxc3 Qxc3+ 32. Kf1 Rfe8 33. fxg6 fxg6
34. Bf3 Kh8 35. Kg2 Rf8 36. h4 Qxb3 37. Rh3 Qxc4 38. h5 g5 39. Qb2+ Qd4 40.
Qxd4+ cxd4 41. Bd5 Re3 42. Rh1 d3 0-1

[Event "V Open B Carnevale"]
[Site "Milano ITA"]
[Date "2014.03.09"]
[Round "5"]
[White "Iacchetti, Giovanni"]
[Black "Fantina, Carla"]
[WhiteElo "1744"]
[BlackElo "1437"]
[Result "1-0"]
[PlyCount "97"]
[EventDate "2014.03.05"]

1. Nf3 Nf6 2. b3 g6 3. Bb2 Bg7 4. e3 O-O 5. d4 d6 6. Nbd2 Nbd7 7. Be2 a6 8. c4
c6 9. O-O b5 10. Rc1 Rb8 11. Qc2 Bb7 12. Rfd1 Qa5 13. Bc3 b4 14. Ba1 c5 15. d5
Rfc8 16. e4 Qc7 17. Nf1 e5 18. Ng3 Nh5 19. Nxh5 gxh5 20. Nh4 Nf6 21. Nf5 Bf8
22. f4 Re8 23. Rf1 Bc8 24. fxe5 dxe5 25. d6 Bxd6 26. Nxd6 Qxd6 27. Rcd1 Qc6 28.
Bf3 Ng4 29. Qd2 Qg6 30. h3 Nf6 31. Qd6 Bxh3 32. Bxe5 Rxe5 33. Qxb8+ Re8 34. Qh2
Bg4 35. e5 Ne4 36. Bxg4 hxg4 37. Rf4 g3 38. Qh4 Nf2 39. Rf6 Qg4 40. Qxg4+ Nxg4
41. Rxa6 Rxe5 42. Rf1 f5 43. a3 bxa3 44. Rxa3 f4 45. Ra5 Nh2 46. Rd1 f3 47.
gxf3 Nxf3+ 48. Kg2 Re3 49. Rd7 1-0

[Event "V Open B Carnevale"]
[Site "Milano ITA"]
[Date "2014.03.09"]
[Round "5"]
[White "Lavorgna, Filippo"]
[Black "Greco, Giovanni"]
[WhiteElo "1735"]
[BlackElo "1425"]
[Result "1-0"]
[PlyCount "57"]
[EventDate "2014.03.05"]

1. Nf3 Nc6 2. d4 d5 3. Bf4 Nf6 4. e3 g6 5. Bd3 Bg7 6. h3 O-O 7. O-O a6 8. c3
Bd7 9. Nbd2 e6 10. b4 Na7 11. Nb3 Bb5 12. Nc5 Bxd3 13. Qxd3 Qc8 14. a4 Nd7 15.
Nb3 c6 16. Nc5 Nxc5 17. bxc5 Re8 18. Rfb1 f6 19. Bh2 e5 20. Nd2 g5 21. e4 Qc7
22. dxe5 fxe5 23. exd5 Rad8 24. d6 Qa5 25. Rxb7 Qxc5 26. Ne4 Qd5 27. Nf6+ Bxf6
28. Qxh7+ Kf8 29. Qh6+ 1-0